Notas sobre democracia, participación: el caso de Nicaragua

Saved in:
Bibliographic Details
Main Author: Bernales Alvarado, Manuel
Format: Text
Published: s.e.
Tags: Add Tag
No Tags, Be the first to tag this record!

MARC

LEADER 00000 a a2200000 04500
001 21008
003
040
090 |a 090500  
100 |a Bernales Alvarado, Manuel  
245 |a Notas sobre democracia, participación: el caso de Nicaragua  
260 |a s.e.  
300 |a 27 p.  
999 |c 10890  |d 10890